000 01806nam a2200409 a 4500
001 00003803
003 DO-SdBNP
005 20180314100050.0
007 00003803
008 150130s2009 dr abc 000 0 spa d
010 _a000021118
020 _a9789945170955
040 _aBPMSU
_bspa
_cBPMSU
092 _a372.83
_b D632c 6to. 2009
100 1 _aDobarro, Clara
245 1 0 _aCiencias sociales 6 :
_b [educación básica] /
_cClara Dobarro ; dirección editorial Diana París, Luis Miguel Aguas Vanin.
250 _a2a ed.
260 _aSanto Domingo :
_bSM,
_c2009.
300 _a167 p. :
_bil., mapa. retrs. ;
_c28 cm.
490 1 _aProyecto saber más
490 1 _aEducación en valores
505 1 _tLa expanción europea y la llegada a América --
_tLa colonización de América --
_tOrganización económica y social de América --
_tLa población del Caribe --
_tLa revoluciones y su repercusión en América --
_tAmérica en el siglo XVIII --
_tLa independencia de América --
_tHacia la independencia dominicana --
_tLas nuevas naciones de América --
650 4 _aCIENCIAS SOCIALES
_xENSEÑANZA BÁSICA
650 4 _aCIENCIAS SOCIALES
_xEDUCACIÓN PRIMARIA
650 4 _aCIENCIAS SOCIALES
_xESTUDIOS Y EJERCICIOS
650 4 _aCIENCIAS SOCIALES
_xLIBROS DE TEXTOS
650 4 _aEDUCACIÓN PRIMARIA
_zREPÚBLICA DOMINICANA
700 1 2 _aParís, Diana,
_eed.
700 1 2 _aAguas Vanin, Luis Miguel,
_eed.
830 _aProyecto saber más ;
_peducaxión en valores (República Dominicana)
942 _2ddc
_cBK
945 _aRemanejado para la BNPHU, 2018 / BT
956 _aLOPEREZ
_b10
_c20100831
_lBND01
_h1753
956 _aMFILETO
_b10
_c20150528
_lBND01
_h0927
956 _aVMATEO
_b10
_c20150827
_lBPMSU
_h00151
956 _aLOPEREZ
_b10
_cBPMSU
_220160330
999 _c9452
_d9452